UNFOLLOW THE FLOW : (Record no. 185020)

MARC details
000 -LEADER
fixed length control field 01082aam a2200337 i 4500
001 - CONTROL NUMBER
control field vtls000919477
003 - CONTROL NUMBER IDENTIFIER
control field PNM
005 - DATE AND TIME OF LATEST TRANSACTION
control field 20210926122501.0
008 - FIXED-LENGTH DATA ELEMENTS--GENERAL INFORMATION
fixed length control field 201125s2020 my a e 000 0 eng
015 ## - NATIONAL BIBLIOGRAPHY NUMBER
National bibliography number M21-01052
020 ## - INTERNATIONAL STANDARD BOOK NUMBER
International Standard Book Number 9789672459064
Qualifying information paperback
Terms of availability RM30.00
039 #9 - LEVEL OF BIBLIOGRAPHIC CONTROL AND CODING DETAIL [OBSOLETE]
Level of rules in bibliographic description 202104281215
Level of effort used to assign nonsubject heading access points sham
Level of effort used to assign subject headings 202102262244
Level of effort used to assign classification azizan
Level of effort used to assign subject headings 202102101117
Level of effort used to assign classification klyene
Level of effort used to assign subject headings 202011260855
Level of effort used to assign classification anis_o
040 ## - CATALOGING SOURCE
Original cataloging agency BNM
Language of cataloging eng
Transcribing agency BNM
Description conventions rda
Modifying agency PPAK
049 ## - LOCAL HOLDINGS (OCLC)
Holding library mal
082 04 - DEWEY DECIMAL CLASSIFICATION NUMBER
Classification number 158.1
Edition number 23
090 00 - LOCALLY ASSIGNED LC-TYPE CALL NUMBER (OCLC); LOCAL CALL NUMBER (RLIN)
Classification number (OCLC) (R) ; Classification number, CALL (RLIN) (NR) 158.1
Feature heading AIM
Feature heading G
100 0# - MAIN ENTRY--PERSONAL NAME
Personal name Aiman Azlan,
Relator term author.
245 10 - TITLE STATEMENT
Title UNFOLLOW THE FLOW :
Remainder of title Owning Your Life Driven By Passion And Purpose /
Statement of responsibility, etc. AIMAN AZLAN
264 #1 - PRODUCTION, PUBLICATION, DISTRIBUTION, MANUFACTURE, AND COPYRIGHT NOTICE
Place of production, publication, distribution, manufacture SERI KEMBANGAN, SELANGOR :
Name of producer, publisher, distributor, manufacturer IMAN PUBLICATION SDN BHD,
Date of production, publication, distribution, manufacture, or copyright notice [2020]
300 ## - PHYSICAL DESCRIPTION
Extent 202 pages :
Other physical details illustrations ;
Dimensions 21 cm
336 ## - CONTENT TYPE
Content type term text
Source rdacontent
337 ## - MEDIA TYPE
Media type term unmediated
Source rdamedia
338 ## - CARRIER TYPE
Carrier type term volume
Source rdacarrier
650 10 - SUBJECT ADDED ENTRY--TOPICAL TERM
Topical term or geographic name entry element Motivation (Psychology)
Topical term or geographic name entry element Attitude (Psychology)
Topical term or geographic name entry element Self-actualization (Psychology)
Topical term or geographic name entry element Decision making
942 ## - ADDED ENTRY ELEMENTS (KOHA)
Source of classification or shelving scheme Dewey Decimal Classification
Koha item type Book
949 ## - LOCAL PROCESSING INFORMATION (OCLC)
6 2000788671
6 2000788672
Holdings
Withdrawn Not for loan Current library Shelving location Date acquired Total Checkouts Total Renewals Full call number Barcode Date last seen Date last checked out Koha item type Checked out
    Perpustakaan Alor Setar Pinjaman Dewasa 17/10/2021 11 3 158.1 AIM A01705525 05/06/2024 07/04/2024 Book  
    Perpustakaan Awam Sungai Petani Pinjaman Dewasa 17/10/2021 8 3 158.1 AIM A01705526 03/12/2024 29/10/2024 Book  
    Perpustakaan Baling Pinjaman Dewasa 17/10/2021 3 1 158.1 AIM A01705529 30/04/2023 19/04/2023 Book  
    Perpustakaan Jitra Pinjaman Dewasa 17/10/2021 2 1 158.1 AIM A01705527 10/07/2023 04/06/2023 Book  
    Perpustakaan Kulim Pinjaman Dewasa 17/10/2021 13 8 158.1 AIM A01705528 23/05/2026 23/05/2026 Book 04/07/2026
    Perpustakaan Merbok Pinjaman Dewasa 17/10/2021 1 1 158.1 AIM A01705530 16/11/2022 16/11/2022 Book 28/12/2022